Hydrogen production from semiconductor-based photocatalysis via water splitting
En este artc̕ulo se brinda una revisin̤ detallada del desarrollo de la disociacin̤ fotocatalt̕ica del agua para producir hidrg̤eno, particularmente bajo irradiacin̤ de luz visible. Los tp̤icos cubiertos incluyen una introduccin̤ a las tecnologa̕s de generacin̤ de este gas, un repaso de la disociacin...
Guardado en:
| Otros Autores: | , , , |
|---|---|
| Formato: | Libro |
| Lenguaje: | inglés |
| Materias: | |
| Acceso en línea: | Hydrogen production from semiconductor-based photocatalysis via water splitting |
| Etiquetas: |
Agregar Etiqueta
Sin Etiquetas, Sea el primero en etiquetar este registro!
|
MARC
| LEADER | 00000nam a22000004a 4500 | ||
|---|---|---|---|
| 001 | vpro9639 | ||
| 005 | 20201223000000.0 | ||
| 008 | 160225s2016 ck # g## #001 0#eng#d | ||
| 020 | |||
| 022 | |a 2073-4344 | ||
| 040 | |a CO-BoINGC | ||
| 041 | 0 | |a eng | |
| 245 | 1 | 0 | |a Hydrogen production from semiconductor-based photocatalysis via water splitting |
| 246 | |a Produccin̤ de hidrg̤eno a partir de fotocatl̀isis con semiconductores mediante disociacin̤ del agua | ||
| 264 | |a Bogot ̀(Colombia) : |b Revista VirtualPRO, |c 2016 | ||
| 520 | 3 | |a En este artc̕ulo se brinda una revisin̤ detallada del desarrollo de la disociacin̤ fotocatalt̕ica del agua para producir hidrg̤eno, particularmente bajo irradiacin̤ de luz visible. Los tp̤icos cubiertos incluyen una introduccin̤ a las tecnologa̕s de generacin̤ de este gas, un repaso de la disociacin̤ fotocatalt̕ica del agua sobre fotocatalizadores basados en dix̤ido de titanio y distintos a este, una discusin̤ sobre los tipos de enfoques de esta reaccin̤ y una conclusin̤ respecto a los retos actuales y las perspectivas futuras de dicha disociacin̤. | |
| 650 | \ | \ | |a Qum̕ica |
| 650 | \ | \ | |a Fotoqum̕ica |
| 650 | \ | \ | |a Fotocatl̀isis |
| 650 | \ | \ | |a Fisicoqum̕ica |
| 650 | \ | \ | |a Semiconductores |
| 650 | \ | \ | |a Chemistry |
| 650 | \ | \ | |a Photochemistry |
| 650 | \ | \ | |a Photocatalysis |
| 650 | \ | \ | |a Chemistry |
| 650 | \ | \ | |a physical and theoretical |
| 650 | \ | \ | |a Semiconductors |
| 650 | \ | \ | |a Fotocatalizadores |
| 650 | \ | \ | |a Produccin̤ de hidrg̤eno |
| 650 | \ | \ | |a Disociacin̤ del agua |
| 650 | \ | \ | |a Photocatalysts |
| 650 | \ | \ | |a Hydrogen production |
| 650 | \ | \ | |a Water dissociation |
| 700 | \ | \ | |a Liao Chi-Hung |
| 700 | \ | \ | |a Huang Chao-Wei |
| 700 | \ | \ | |a S. Wu Jeffrey C. |
| 700 | \ | \ | |a Molecular Diversity Preservation International (MDPI) |
| 856 | |z Hydrogen production from semiconductor-based photocatalysis via water splitting |u https://virtualpro.unach.elogim.com/biblioteca/produccion-de-hidrogeno-a-partir-de-fotocatalisis-con-semiconductores-mediante-disociacion-del-agua | ||